|
|
|
|
| LEADER |
00000nam0a2200000 4500 |
| 001 |
152048 |
| 005 |
20231031150907.0 |
| 010 |
|
|
|a 5289004122
|
| 020 |
|
|
|a RU
|b 89-60103
|
| 035 |
|
|
|a (RuTPU)RU\TPU\book\164871
|
| 090 |
|
|
|a 152048
|
| 100 |
|
|
|a 20090128d1989 m y0rusy5003 ca
|
| 101 |
0 |
|
|a rus
|
| 102 |
|
|
|a RU
|
| 105 |
|
|
|a a z 000ay
|
| 200 |
1 |
|
|a Спящие на том берегу
|e повесть, рассказы
|f Г. А. Чистяков
|g худож. Н. И. Кофанов
|
| 210 |
|
|
|a Ленинград
|c Лениздат
|d 1989
|
| 215 |
|
|
|a 224 с.
|c ил.
|
| 333 |
|
|
|a Исключено из фонда НТБ ТПУ
|
| 700 |
|
1 |
|a Чистяков
|b Г. А.
|g Геннадий Алексеевич
|
| 702 |
|
1 |
|a Кофанов
|b Н. И.
|4 440
|
| 801 |
|
0 |
|a RU
|b RuMRKP
|c 19950417
|g psbo
|
| 801 |
|
1 |
|a RU
|b 63413507
|c 20090128
|g PSBO
|
| 801 |
|
2 |
|a RU
|b 63413507
|c 20220517
|g PSBO
|
| 942 |
|
|
|c BK
|